A comprehensive guide to the Public Works Employment Act of 1976 : including a copy of the application form and complete information on how to apply /

Bibliographic Details
Main Author: Bingham, Julie
Corporate Authors: United States, National League of Cities. Office of Federal Relations
Format: Book
Language:English
Published: Washington : The League, 1976.
Subjects:

MARC

Tag First Indicator Second Indicator Subfields
LEADER 00000cam a2200000 a 4500
001 in00000511892
005 20151013080248.0
008 771205s1976 dcuk 00010 eng d
020 |c $5.00 (pbk. :) 
035 |a (OCoLC)03465116 
035 |9 ACE9593AM 
040 |a IBF  |c IBF  |d TXA  |d UtOrBLW 
043 |a n-us--- 
049 |a TXAM  |c [935615] 
090 |a KF6055  |b .B56 1976 
100 1 |a Bingham, Julie. 
245 1 2 |a A comprehensive guide to the Public Works Employment Act of 1976 :  |b including a copy of the application form and complete information on how to apply /  |c prepared by the National League of Cities, Office of Federal relations, [written by Julie Bingham]. 
264 1 |a Washington :  |b The League,  |c 1976. 
300 |a 51 pages, 23 unnumbered pages :  |b forms ;  |c 28 cm. 
336 |a text  |b txt  |2 rdacontent 
337 |a unmediated  |b n  |2 rdamedia 
338 |a volume  |b nc  |2 rdacarrier 
650 0 |a Public service employment  |x Law and legislation  |z United States. 
650 0 |a Public works  |z United States. 
710 1 |a United States.  |t Public Works Employment Act of 1976. 
710 2 |a National League of Cities.  |b Office of Federal Relations. 
740 0 |a Public Works Employment Act of 1976. 
999 |a MARS 
999 f f |s 595832c1-e84a-3721-8883-5536d4644d13  |i 66df50ca-1734-3c8e-8f7e-039a34d4c1c2  |t 0 
952 f f |p ric  |a Texas A&M University  |b Rellis Campus  |c Joint Library Facility  |d Remote Storage  |t 0  |e KF6055 .B56 1976  |h Library of Congress classification  |i unmediated -- volume  |m A14807949600 
998 f f |a KF6055 .B56 1976  |t 0  |l Remote Storage